|
|
|
|
| LEADER |
00000cim a2200000 a 4500 |
| 001 |
vtls010535488 |
| 003 |
SK-MaSNL |
| 005 |
20260425235841.0 |
| 007 |
sd fungnnmmned |
| 008 |
130815s2013 xo nnnnfs tz n slo |
| 015 |
|
|
|a SNBJ2014
|
| 020 |
|
|
|a 9788018019054 (CDROM)
|
| 040 |
|
|
|a SNK
|b slo
|c SNK
|e AACR2
|
| 041 |
0 |
|
|d slo
|
| 044 |
|
|
|a xo
|c SK
|
| 072 |
|
7 |
|a 7.01/.09
|x Umenie
|2 konspekt
|
| 080 |
|
|
|a 7.096.071
|2 2001
|
| 080 |
|
|
|a 791/792.071.2
|2 2001
|
| 080 |
|
|
|a 7.096
|2 2001
|
| 080 |
|
|
|a (437.6)
|2 2001
|
| 080 |
|
|
|a (086.76)
|2 2001
|
| 080 |
|
|
|a (047.53)
|2 2001
|
| 100 |
1 |
|
|a Benčík, Emil,
|d 1933-
|4 aut
|9 114364
|
| 245 |
1 |
0 |
|a Neviditeľní herci ; Rozhovor s Vladimírom Minarovičom
|h elektronický zdroj
|c Emil Benčík ; prevzaté RTVS
|
| 260 |
|
|
|a Levoča
|b SKN
|c 2013
|
| 300 |
|
|
|a 1 elektronický optický disk (CD-ROM)
|b digitál., MP3
|c 12 cm
|
| 306 |
|
|
|a 013000
|
| 500 |
|
|
|a Prevzaté z RTVS Bratislava v r. 2012
|
| 511 |
0 |
|
|a Účinkujúci: D. Vašíčková, P. Jezný, herci a herečky Rozhlasového hereckého súboru
|
| 520 |
8 |
|
|a Rozhlasová relácia o členoch Rozhlasového hereckého súboru a rozhovor s rozhlasovým hercom Vladimírom Minarovičom
|
| 600 |
1 |
7 |
|a Minarovič, Vladimír,
|d 1937-2018
|2 SNKMA
|9 102367
|
| 650 |
0 |
7 |
|a rozhlasová tvorba
|2 SNKPH
|9 2913
|
| 650 |
0 |
7 |
|a herci
|2 SNKPH
|9 3087
|
| 651 |
|
7 |
|a Slovensko
|2 SNKPH
|9 14231
|
| 655 |
|
7 |
|a zvukové záznamy
|2 SNKPH
|9 70720
|
| 655 |
|
7 |
|a rozhlasové relácie
|2 SNKPH
|9 333963
|
| 655 |
|
7 |
|a umelecko-publicistické pásma
|2 SNKPH
|9 319290
|
| 655 |
|
7 |
|a rozhovory
|2 SNKPH
|9 31831
|
| 655 |
|
7 |
|a CD-ROM
|2 SNKPH
|9 70236
|
| 700 |
1 |
7 |
|a Minarovič, Vladimír,
|d 1937-2018
|4 aut
|4 ive
|9 102367
|
| 710 |
2 |
|
|a Slovenská knižnica pre nevidiacich Mateja Hrebendu v Levoči
|4 pbl
|9 249391
|
| 710 |
2 |
|
|a Rozhlas a televízia Slovenska
|4 oth
|9 164243
|
| 740 |
0 |
2 |
|a Rozhovor s Vladimírom Minarovičom
|
| 919 |
|
|
|a 978-80-18-01905-4
|
| 958 |
|
|
|a SX
|
| 999 |
|
|
|c 839769
|d 841699
|
| 952 |
|
|
|a SNK
|b SNK
|y PREZ
|7 0
|p 17A1090211
|o snkSCD 2871
|i snk2013/21871
|8 0
|0 0
|1 0
|4 0
|d 2013-09-19
|l 0
|r 2026-02-24 04:07:17
|w 2026-02-24
|